LEADER 01123nam a2200265 i 4500 001 000000076628 003 CaOOAMICUS 005 20120525000000.0 008 120525s1995 it u000 u ita u 013 $a47800 020 $a88-7144-511-2 040 $aSeMil$bita 100 1 $aPrivitera, Salvatore <1945-2004>.$0(OLS)http://semarc/name/2522 245 10$aNarrare la vita alla generazione presente per le generazioni future /$cSalvatore Privitera. 260 $aRoma :$bArmando,$ccopyr. 1995. 300 $a154 p. ;$c21 cm. 490 0 $aCollectio Bioethica ;$v10 650 4$aBioetica - Studi.$0(OLS)http://semarc/subject/5741 830 0$aCollectio Bioethica ;$v10.$0(OLS)http://semarc/title/5737 850 $aSeMil 852 $aSeMil$W1$xVenegono$y1$m2E I 390$j42780$B42780$CSeMilBibl$Z2$F70639 $81 961 $aAcquisto: Istituto Siciliano di Bioetica 996 $6020$a88-7144-511-2$9(OLS)http://semarc/number/57662 996 $6245$aNarrare la vita alla generazione presente per le generazioni future$9(OLS)http://semarc/title/124254 996 $6260$aRoma :$bArmando$9(OLS)http://semarc/publisher/29857 LEADER 00997nam a2200217 i 4500 001 000000011256 003 CaOOAMICUS 005 20180830125440.0 008 180830s1962 it u000 u ita u 040 $aSeMil$bita 100 1 $aDelaruelle, Étienne.$0(OLS)http://semarc/name/740 245 12$aL'Église au temps du Grand Schisme et de la crise conciliaire :$b(1378-1449) /$cpar E. Delaruelle, E.-R. Labande, Paul Ourliac. 260 $a[Paris] :$bBloud & Gay,$c1962-1964. 300 $a2 v. ;$c25 cm. 700 1 $aOurliac, Paul.$0(OLS)http://semarc/name/741 700 1 $aLabande, E.- R.$0(OLS)http://semarc/name/742 773 0 $tHistoire de l'Église depuis les origines jusqu'a nos jours.$dParis : Bloud & Gay, 1934-1952.$w()11251 774 0 $t[1].$g1$w()124497 774 0 $t[2].$g2$w()124498 996 $6245$aL'Église au temps du Grand Schisme et de la crise conciliaire :$b(1378-1449)$9(OLS)http://semarc/title/14871 996 $6260$a[Paris] :$bBloud & Gay$9(OLS)http://semarc/publisher/33099